[Event "Verbandsliga MVP 2013-14"]
[Site "MVP"]
[Date "2014.04.06"]
[Round "8.7"]
[White "Schmidt, Reinhard"]
[Black "Motullo, Jens"]
[Result "1-0"]
[WhiteElo "1793"]
[BlackElo "1605"]
[PlyCount "75"]
[EventDate "2013.??.??"]
[EventType "team-tourn"]
[EventRounds "9"]
[EventCountry "GER"]
[SourceDate "2013.10.20"]
[WhiteTeam "SF Ostsee Warnemünde"]
[BlackTeam "Greifswalder SV II"]
[WhiteTeamCountry "GER"]
[BlackTeamCountry "GER"]

1. e4 e5 2. Bc4 Bc5 3. Nc3 Ne7 4. Nf3 O-O 5. Nxe5 d6 6. d4 Bb6 7. Nf3 Bg4 8.
Be3 c6 9. O-O Nd7 10. Be2 f5 11. Ng5 Bxe2 12. Qxe2 Rf6 13. Qc4+ d5 14. exd5 Kh8
15. dxc6 Nxc6 16. Nf7+ Rxf7 17. Qxf7 Nf6 18. Ne2 Qd6 19. c3 Rf8 20. Bf4 Qd8 21.
Qxb7 Na5 22. Qf3 Ne4 23. Ng3 Nc4 24. Nxe4 fxe4 25. Qxe4 Qh4 26. g3 Qg4 27. f3
Qc8 28. b3 Na5 29. Qd3 Nc6 30. Kg2 Qe8 31. Rae1 Qh5 32. Re4 Qg6 33. Rfe1 h5 34.
Qc4 Nd8 35. R1e2 Kh7 36. Bc7 Qf6 37. R2e3 Nb7 38. Re6 1-0

[Event "Verbandsliga MVP 2013-14"]
[Site "MVP"]
[Date "2014.04.06"]
[Round "8.8"]
[White "Malchau, Jochen"]
[Black "Boecking, Uwe"]
[Result "0-1"]
[WhiteElo "1550"]
[BlackElo "1749"]
[PlyCount "98"]
[EventDate "2013.??.??"]
[EventType "team-tourn"]
[EventRounds "9"]
[EventCountry "GER"]
[SourceDate "2013.10.20"]
[WhiteTeam "Greifswalder SV II"]
[BlackTeam "SF Ostsee Warnemünde"]
[WhiteTeamCountry "GER"]
[BlackTeamCountry "GER"]

1. d4 Nf6 2. c4 e6 3. Nc3 d5 4. Bg5 Nbd7 5. e3 c6 6. Nf3 Qa5 7. Nd2 Bb4 8. Qc2
O-O 9. Be2 dxc4 10. Bxf6 Nxf6 11. Nxc4 Qc7 12. O-O Bd6 13. Nxd6 Qxd6 14. Ne4
Qe7 15. Nxf6+ Qxf6 16. Bd3 h6 17. a3 e5 18. dxe5 Qxe5 19. b4 Be6 20. Bc4 Bf5
21. Qb3 b5 22. Be2 Be6 23. Qc2 Bd5 24. Bf3 Bxf3 25. gxf3 Rfc8 26. Qe4 Qxe4 27.
fxe4 c5 28. bxc5 Rxc5 29. f3 Rac8 30. Ra2 Rc3 31. Re1 Rb3 32. a4 b4 33. a5 Rcc3
34. Kf2 Ra3 35. Ree2 Rxa2 36. Rxa2 b3 37. Ra1 Rc2+ 38. Kg3 Re2 39. Rb1 Rxe3 40.
h4 Rc3 41. Kf4 Kf8 42. Rb2 Ke7 43. Rb1 Kd6 44. Rd1+ Kc6 45. Rd4 Rc5 46. Rd1
Rxa5 47. Rb1 Rb5 48. e5 a5 49. Rc1+ Rc5 0-1

[Event "Verbandsliga MVP 2013-14"]
[Site "MVP"]
[Date "2014.04.27"]
[Round "9.1"]
[White "Seiler, Dirk"]
[Black "Weber, Max"]
[Result "1/2-1/2"]
[WhiteElo "2105"]
[BlackElo "2097"]
[PlyCount "65"]
[EventDate "2013.??.??"]
[EventType "team-tourn"]
[EventRounds "9"]
[EventCountry "GER"]
[SourceDate "2013.10.20"]
[WhiteTeam "SG Güstrow/Teterow"]
[BlackTeam "SSC Rostock 07 II"]
[WhiteTeamCountry "GER"]
[BlackTeamCountry "GER"]

1. d4 Nf6 2. c4 g6 3. Nc3 d5 4. cxd5 Nxd5 5. e4 Nxc3 6. bxc3 Bg7 7. Bc4 c5 8.
Be3 Qa5 9. Qd2 cxd4 10. cxd4 Qxd2+ 11. Kxd2 Nc6 12. Ne2 O-O 13. Rhd1 Na5 14.
Rac1 Bd7 15. Bb3 Rac8 16. Rxc8 Rxc8 17. Rc1 Nxb3+ 18. axb3 Rxc1 19. Nxc1 f5 20.
f3 fxe4 21. fxe4 Kf7 22. Nd3 b6 23. Nb2 Bc6 24. Kd3 e6 25. Nc4 Ke7 26. Bf4 Kd7
27. Bb8 b5 28. Na5 a6 29. Nxc6 Kxc6 30. Bf4 Bf8 31. Bd2 Bd6 32. h3 Bc7 33. b4
1/2-1/2

[Event "Verbandsliga MVP 2013-14"]
[Site "MVP"]
[Date "2014.04.27"]
[Round "9.2"]
[White "Engel, Gunnar"]
[Black "Dettmann, Gerd"]
[Result "1-0"]
[WhiteElo "2040"]
[BlackElo "2088"]
[PlyCount "87"]
[EventDate "2013.??.??"]
[EventType "team-tourn"]
[EventRounds "9"]
[EventCountry "GER"]
[SourceDate "2013.10.20"]
[WhiteTeam "SSC Rostock 07 II"]
[BlackTeam "SG Güstrow/Teterow"]
[WhiteTeamCountry "GER"]
[BlackTeamCountry "GER"]

1. d4 Nf6 2. c4 e6 3. g3 c5 4. d5 exd5 5. cxd5 d6 6. Nc3 a6 7. a4 Be7 8. Bg2
Nbd7 9. Nf3 O-O 10. O-O b6 11. h3 Qc7 12. Nd2 c4 13. Qc2 Bb7 14. g4 h6 15. Qf5
Ne5 16. Nde4 Nxd5 17. Nxd5 Bxd5 18. Nf6+ Bxf6 19. Bxd5 Rac8 20. Bxh6 Qd7 21.
Qxd7 Nxd7 22. Bc1 Rfe8 23. g5 Be5 24. g6 Re7 25. Bxf7+ Kf8 26. Kg2 Bf6 27. Bf4
Bxb2 28. Bxd6 Bxa1 29. Rxa1 Rc6 30. Bxe7+ Kxe7 31. f4 c3 32. Kf3 Nc5 33. h4
Nxa4 34. h5 b5 35. h6 gxh6 36. f5 Nc5 37. Bd5 Rf6 38. e4 Kf8 39. Ke3 b4 40. Kd4
Nd7 41. Be6 c2 42. e5 Rxe6 43. fxe6 Nb6 44. Rf1+ 1-0

[Event "Verbandsliga MVP 2013-14"]
[Site "MVP"]
[Date "2014.04.27"]
[Round "9.3"]
[White "Waschk, Armin"]
[Black "Hodl, Ingolf"]
[Result "1-0"]
[WhiteElo "2076"]
[BlackElo "1979"]
[PlyCount "65"]
[EventDate "2013.??.??"]
[EventType "team-tourn"]
[EventRounds "9"]
[EventCountry "GER"]
[SourceDate "2013.10.20"]
[WhiteTeam "SG Güstrow/Teterow"]
[BlackTeam "SSC Rostock 07 II"]
[WhiteTeamCountry "GER"]
[BlackTeamCountry "GER"]

1. e4 Nf6 2. e5 Nd5 3. d4 d6 4. Nf3 g6 5. Bc4 Nb6 6. Bb3 Bg7 7. Ng5 d5 8. O-O
h6 9. Nf3 O-O 10. a4 a5 11. Nc3 Bg4 12. h3 Bxf3 13. Qxf3 e6 14. Ne2 Nc6 15. c3
Ne7 16. Bc2 c5 17. Bf4 cxd4 18. cxd4 Rc8 19. Rfc1 Nc6 20. Bd3 Qe7 21. Bd2 Nb4
22. Bb5 Rfd8 23. Qb3 Bf8 24. Rc3 Qh4 25. Rac1 Rxc3 26. bxc3 Nc4 27. Bxc4 dxc4
28. Qxc4 Nc6 29. Qb5 Rd7 30. Be3 Qd8 31. Ng3 Ne7 32. Ne4 Kg7 33. Nf6 1-0

[Event "Verbandsliga MVP 2013-14"]
[Site "MVP"]
[Date "2014.04.27"]
[Round "9.4"]
[White "Pererva, Viktor"]
[Black "Luther, Alexander"]
[Result "1-0"]
[WhiteElo "1960"]
[BlackElo "1907"]
[PlyCount "111"]
[EventDate "2013.??.??"]
[EventType "team-tourn"]
[EventRounds "9"]
[EventCountry "GER"]
[SourceDate "2013.10.20"]
[WhiteTeam "SSC Rostock 07 II"]
[BlackTeam "SG Güstrow/Teterow"]
[WhiteTeamCountry "GER"]
[BlackTeamCountry "GER"]

1. e4 c5 2. Nf3 Nc6 3. d4 cxd4 4. Nxd4 Nf6 5. Nc3 e6 6. Ndb5 d6 7. Bf4 e5 8.
Bg5 a6 9. Na3 b5 10. Bxf6 gxf6 11. Nd5 Bg7 12. c3 Ne7 13. Nc2 f5 14. exf5 Bxf5
15. Nce3 Be6 16. a4 Nxd5 17. Nxd5 O-O 18. g3 bxa4 19. Rxa4 a5 20. Bg2 Rb8 21.
b3 f5 22. O-O Kh8 23. Qc2 f4 24. Be4 Qg5 25. Rxa5 Qh5 26. b4 Bf5 27. Bxf5 Rxf5
28. Qe4 f3 29. Ne3 Rf6 30. Ra8 Rxa8 31. Qxa8+ Rf8 32. Qe4 Bh6 33. h4 Rg8 34.
Kh2 d5 35. Qxd5 Bf4 36. Qe6 Qxh4+ 37. Qh3 Qxh3+ 38. Kxh3 Bxe3 39. fxe3 e4 40.
Rf2 Rg6 41. g4 Kg7 42. Rd2 Rc6 43. Rc2 Kf6 44. Kg3 Ke5 45. c4 Rg6 46. Rh2 h6
47. Rh5+ Kd6 48. b5 Re6 49. c5+ Kc7 50. Rf5 Re7 51. Rf6 Re5 52. b6+ Kb7 53.
Rf7+ Kb8 54. c6 Re8 55. Rb7+ Ka8 56. Ra7+ 1-0

[Event "Verbandsliga MVP 2013-14"]
[Site "MVP"]
[Date "2014.04.27"]
[Round "9.5"]
[White "Dettmann, Holger"]
[Black "Brack, Peter"]
[Result "0-1"]
[WhiteElo "1896"]
[BlackElo "1975"]
[PlyCount "117"]
[EventDate "2013.??.??"]
[EventType "team-tourn"]
[EventRounds "9"]
[EventCountry "GER"]
[SourceDate "2013.10.20"]
[WhiteTeam "SG Güstrow/Teterow"]
[BlackTeam "SSC Rostock 07 II"]
[WhiteTeamCountry "GER"]
[BlackTeamCountry "GER"]

1. d4 Nf6 2. Nc3 d5 3. Bf4 Bf5 4. Qd2 e6 5. f3 Nc6 6. g4 Bg6 7. e3 Nb4 8. Bd3
Bxd3 9. cxd3 Be7 10. Nge2 h5 11. g5 Nh7 12. h4 a6 13. O-O-O Qd7 14. Kb1 g6 15.
Rc1 O-O 16. a3 Nc6 17. Na4 Rfc8 18. Qc2 Qe8 19. Ka2 Nf8 20. e4 Bd6 21. Be3 Rab8
22. f4 Na7 23. Nc5 a5 24. Bd2 b6 25. Nb3 a4 26. Na1 b5 27. Bb4 Bxb4 28. axb4
Nd7 29. exd5 exd5 30. f5 Qe3 31. Rhf1 Rb6 32. Nc3 Qxd4 33. fxg6 fxg6 34. Qg2
Rd6 35. Nc2 Qxd3 36. Rf4 d4 37. Ne4 Qb3+ 38. Kb1 d3 39. Na1 Qd5 40. Qd2 Rc6 41.
Nc3 Qd6 42. Rd1 Rc4 43. Nxb5 Qxf4 44. Nxa7 Qxd2 45. Rxd2 Re8 46. Rxd3 Re1+ 47.
Ka2 Ne5 48. Rd2 Rxh4 49. Nc2 Ree4 50. Nb5 Rc4 51. Nc3 Nc6 52. Nd5 Nxb4+ 53.
Ncxb4 Rxb4 54. Nxc7 Rbd4 55. Re2 Rhe4 56. Rf2 Rd7 57. Na6 Rd5 58. Rc2 Rxg5 59.
Nc5 0-1

[Event "Verbandsliga MVP 2013-14"]
[Site "MVP"]
[Date "2014.04.27"]
[Round "9.6"]
[White "Mangold, Thomas"]
[Black "Kiel, Bernd"]
[Result "1/2-1/2"]
[WhiteElo "1896"]
[BlackElo "1909"]
[PlyCount "145"]
[EventDate "2013.??.??"]
[EventType "team-tourn"]
[EventRounds "9"]
[EventCountry "GER"]
[SourceDate "2013.10.20"]
[WhiteTeam "SSC Rostock 07 II"]
[BlackTeam "SG Güstrow/Teterow"]
[WhiteTeamCountry "GER"]
[BlackTeamCountry "GER"]

1. e4 d5 2. exd5 Qxd5 3. Nc3 Qa5 4. d4 c6 5. Nf3 Nf6 6. Bc4 Bf5 7. Ne5 e6 8.
Qe2 Bb4 9. Bd2 O-O 10. a3 Rd8 11. g4 Bg6 12. Ba2 Bxc3 13. Bxc3 Qc7 14. Nxg6
hxg6 15. Qf3 Nbd7 16. O-O-O b5 17. h4 a5 18. h5 b4 19. Be1 bxa3 20. hxg6 Qb6
21. Qxa3 Nd5 22. gxf7+ Kxf7 23. Rd3 c5 24. Rf3+ Ke7 25. Bd2 Re8 26. Bg5+ Kd6
27. Rd1 Kc6 28. Bxd5+ exd5 29. dxc5 Qb5 30. Rb3 Qc4 31. Be3 Qxg4 32. Rbd3 Nf6
33. Rd4 Qf5 34. Qa4+ Kc7 35. Bf4+ Kd8 36. Qc6 Ke7 37. Qd6+ Kf7 38. Rxd5 Nxd5
39. Qxd5+ Qxd5 40. Rxd5 Re4 41. Bg3 Rc8 42. Bd6 Ke6 43. Rd3 g5 44. Kd2 Rc4 45.
Re3+ Kf5 46. Kd3 Rb4 47. b3 Rh4 48. Re5+ Kf6 49. Re4 Rh1 50. Kc4 Rd1 51. Rd4
Rc1 52. c3 Rc2 53. Bg3 Ke6 54. Rd6+ Kf5 55. Ra6 Ra2 56. c6 a4 57. bxa4 Ke4 58.
c7 Kf3 59. Kc5 Rc2 60. c4 g4 61. Rb6 Rxf2 62. Bxf2 Rxc7+ 63. Kb5 Kxf2 64. Rg6
g3 65. c5 g2 66. Kb6 Re7 67. c6 Re3 68. Rxg2+ Kxg2 69. a5 Rb3+ 70. Kc5 Ra3 71.
Kb6 Rb3+ 72. Kc5 Ra3 73. Kb5 1/2-1/2

[Event "Verbandsliga MVP 2013-14"]
[Site "MVP"]
[Date "2014.04.27"]
[Round "9.7"]
[White "Fidorra, Thomas"]
[Black "Celmer, Ole"]
[Result "0-1"]
[WhiteElo "1847"]
[BlackElo "1915"]
[PlyCount "100"]
[EventDate "2013.??.??"]
[EventType "team-tourn"]
[EventRounds "9"]
[EventCountry "GER"]
[SourceDate "2013.10.20"]
[WhiteTeam "SG Güstrow/Teterow"]
[BlackTeam "SSC Rostock 07 II"]
[WhiteTeamCountry "GER"]
[BlackTeamCountry "GER"]

1. e4 e5 2. Nf3 Nc6 3. d4 exd4 4. Bc4 Nf6 5. O-O Be7 6. e5 Ne4 7. Bd5 Nc5 8.
Nxd4 Nxd4 9. Qxd4 O-O 10. b4 Ne6 11. Qg4 d6 12. Rd1 c6 13. Bxe6 Bxe6 14. Qg3
Bh4 15. Qc3 Bd5 16. Bf4 dxe5 17. Bg3 Bxg3 18. Qxg3 Qf6 19. Nd2 Rad8 20. c4 Be6
21. Ne4 Rxd1+ 22. Rxd1 Qf5 23. Qd3 Qg6 24. Nd6 Qxd3 25. Rxd3 b6 26. Ra3 Rd8 27.
c5 bxc5 28. bxc5 h6 29. h3 Rb8 30. Rxa7 Rb1+ 31. Kh2 Rb2 32. Kg3 Bxa2 33. Re7
Be6 34. Rc7 Bd5 35. Nc8 Rc2 36. Ne7+ Kh7 37. Nxd5 cxd5 38. Kf3 f6 39. c6 Kg6
40. h4 h5 41. Rc8 d4 42. c7 Kf5 43. g3 e4+ 44. Kg2 d3 45. Kf1 Rc1+ 46. Kg2 g6
47. Kh2 Rc2 48. Kg2 e3 49. Rd8 e2 50. Rxd3 e1=N+ 0-1

[Event "Verbandsliga MVP 2013-14"]
[Site "MVP"]
[Date "2014.04.27"]
[Round "9.8"]
[White "Schumann, Rabea"]
[Black "Armbruester, Clemens"]
[Result "1/2-1/2"]
[WhiteElo "1687"]
[BlackElo "1682"]
[PlyCount "56"]
[EventDate "2013.??.??"]
[EventType "team-tourn"]
[EventRounds "9"]
[EventCountry "GER"]
[SourceDate "2013.10.20"]
[WhiteTeam "SSC Rostock 07 II"]
[BlackTeam "SG Güstrow/Teterow"]
[WhiteTeamCountry "GER"]
[BlackTeamCountry "GER"]

1. c4 c6 2. Nf3 e6 3. g3 d5 4. d4 Nf6 5. Bg2 Be7 6. O-O Nbd7 7. Nbd2 O-O 8. Qc2
c5 9. e4 dxe4 10. Nxe4 Nxe4 11. Qxe4 Nf6 12. Qe3 Qc7 13. b3 b6 14. Bb2 Bb7 15.
Rad1 Rad8 16. Rd2 Rfe8 17. Rfd1 h6 18. Ne5 Bxg2 19. Kxg2 Nd7 20. Nxd7 Rxd7 21.
dxc5 Qb7+ 22. Qf3 Qxf3+ 23. Kxf3 Rxd2 24. Rxd2 Bxc5 25. Ke4 f6 26. f3 Kf7 27.
a3 a5 28. Bd4 Ke7 1/2-1/2

[Event "Verbandsliga MVP 2013-14"]
[Site "MVP"]
[Date "2014.04.27"]
[Round "9.1"]
[White "Mildner, Jens"]
[Black "Schwetlick, Thomas"]
[Result "1-0"]
[WhiteElo "2029"]
[BlackElo "1846"]
[PlyCount "141"]
[EventDate "2013.??.??"]
[EventType "team-tourn"]
[EventRounds "9"]
[EventCountry "GER"]
[SourceDate "2013.10.20"]
[WhiteTeam "Greifswalder SV II"]
[BlackTeam "HSG Uni Rostock"]
[WhiteTeamCountry "GER"]
[BlackTeamCountry "GER"]

1. d4 Nf6 2. c4 g6 3. Nc3 Bg7 4. e4 d6 5. Nf3 O-O 6. Be2 e5 7. O-O Nc6 8. d5
Ne7 9. Ne1 Nd7 10. Nd3 f5 11. Bd2 Nf6 12. f3 f4 13. c5 g5 14. cxd6 cxd6 15. Nf2
Ng6 16. Qc2 Rf7 17. Rfc1 h5 18. h3 Bd7 19. Nb5 Ne8 20. a4 Nh4 21. Qd3 a6 22.
Nc3 Bh6 23. Rc2 Nf6 24. Be1 Rg7 25. Qd1 Kh8 26. a5 Qg8 27. Nd3 Nxg2 28. Kxg2 g4
29. Bf1 gxf3+ 30. Kh2 Rg3 31. Qd2 Ng4+ 32. Kh1 Ne3 33. Bxg3 Qxg3 34. Qf2 Nxc2
35. Qxc2 Rg8 36. Qf2 Bxh3 37. Qxg3 Rxg3 38. Nf2 Bd7 39. b4 Rg8 40. b5 axb5 41.
Nxb5 Bxb5 42. Bxb5 Rg2 43. Ra2 Bg5 44. Bf1 Rg3 45. Rb2 Bd8 46. a6 bxa6 47. Rb8
Rg8 48. Bxa6 Kg7 49. Bf1 Kf7 50. Bh3 Ke7 51. Rb7+ Kf6 52. Rb8 Ke7 53. Kh2 Rg5
54. Rb1 Kf6 55. Rg1 Bb6 56. Rxg5 Kxg5 57. Nd3 Kh4 58. Nb4 Bg1+ 59. Kxg1 Kxh3
60. Nd3 Kg3 61. Nxe5 f2+ 62. Kf1 h4 63. Nd3 f3 64. e5 dxe5 65. d6 e4 66. d7
exd3 67. d8=Q h3 68. Qxd3 Kh2 69. Qg6 Kh1 70. Kxf2 h2 71. Kf1 1-0

[Event "Verbandsliga MVP 2013-14"]
[Site "MVP"]
[Date "2014.04.27"]
[Round "9.2"]
[White "Moeller, Peter"]
[Black "Hagenlueke, Thomas"]
[Result "1-0"]
[WhiteElo "1965"]
[BlackElo "1897"]
[PlyCount "139"]
[EventDate "2013.??.??"]
[EventType "team-tourn"]
[EventRounds "9"]
[EventCountry "GER"]
[SourceDate "2013.10.20"]
[WhiteTeam "HSG Uni Rostock"]
[BlackTeam "Greifswalder SV II"]
[WhiteTeamCountry "GER"]
[BlackTeamCountry "GER"]

1. e4 c6 2. Nf3 d5 3. exd5 cxd5 4. Ne5 Nf6 5. d4 g6 6. Bb5+ Nbd7 7. O-O Bg7 8.
c3 O-O 9. Bf4 Ne4 10. Nxd7 Bxd7 11. Bxd7 Qxd7 12. Nd2 Qf5 13. Be3 Nxd2 14. Qxd2
b5 15. Bf4 Rac8 16. Rfe1 Rfe8 17. a3 a5 18. Be5 f6 19. Bg3 Qd7 20. a4 bxa4 21.
Ra2 e5 22. h3 e4 23. Rea1 Rc4 24. Qc2 e3 25. fxe3 Rxe3 26. Bf2 Re6 27. Rxa4
Rxa4 28. Qxa4 Qxa4 29. Rxa4 Re2 30. Rxa5 Rxb2 31. Rxd5 Rc2 32. Rc5 Bf8 33. Rc8
Kf7 34. Bg3 h5 35. d5 g5 36. h4 gxh4 37. Bf4 Bg7 38. Rc7+ Kg6 39. d6 Bf8 40.
Rc8 Kf7 41. d7 Be7 42. d8=Q Bxd8 43. Rxd8 Rxc3 44. Kh2 Kg6 45. Rd5 Rc4 46. Bd2
Rg4 47. Be3 Ra4 48. Rd4 Ra3 49. Bd2 h3 50. g3 Ra1 51. Kxh3 Rh1+ 52. Kg2 Rd1 53.
Be3 Rb1 54. Rf4 Rb2+ 55. Kh3 Rb1 56. Bd4 f5 57. Bf2 Rb2 58. Kg2 Kg5 59. Ra4 Rc2
60. Kf3 Rc3+ 61. Be3+ Kg6 62. Ra6+ Kg7 63. Kf4 Rb3 64. Bd4+ Kh7 65. Bf6 Rb5 66.
Kg5 f4+ 67. Kxf4 Rb4+ 68. Kf5 Rb5+ 69. Be5 Rb4 70. Ra8 1-0

[Event "Verbandsliga MVP 2013-14"]
[Site "MVP"]
[Date "2014.04.27"]
[Round "9.3"]
[White "Schwahn, Christian"]
[Black "Hammel, Ralf"]
[Result "1/2-1/2"]
[WhiteElo "1947"]
[BlackElo "1967"]
[PlyCount "110"]
[EventDate "2013.??.??"]
[EventType "team-tourn"]
[EventRounds "9"]
[EventCountry "GER"]
[SourceDate "2013.10.20"]
[WhiteTeam "Greifswalder SV II"]
[BlackTeam "HSG Uni Rostock"]
[WhiteTeamCountry "GER"]
[BlackTeamCountry "GER"]

1. e4 e6 2. d4 d5 3. Nc3 Bb4 4. a3 Bxc3+ 5. bxc3 dxe4 6. Qg4 Nf6 7. Qxg7 Rg8 8.
Qh6 Rg6 9. Qd2 b6 10. Bb2 Bb7 11. O-O-O Nbd7 12. Ne2 Qe7 13. Ng3 O-O-O 14. Be2
Nc5 15. Qe1 Na4 16. f3 exf3 17. gxf3 Rg5 18. c4 Nxb2 19. Kxb2 c5 20. d5 Qd6 21.
dxe6 Qe5+ 22. Qc3 fxe6 23. f4 Qxc3+ 24. Kxc3 Rgg8 25. Rhe1 Rxd1 26. Bxd1 Kd7
27. Nh5 Nxh5 28. Bxh5 Rg2 29. Bf7 Rxh2 30. Bxe6+ Kd6 31. Bf5 Rh6 32. Re8 Rf6
33. Rd8+ Kc7 34. Rd7+ Kc6 35. Bh3 Rxf4 36. Rxh7 Ba6 37. Bg2+ Kd6 38. Bd5 Bc8
39. Rxa7 Rh4 40. Rf7 Rh3+ 41. Kb2 Rh6 42. Rf3 Be6 43. Rd3 Bd7 44. Rd2 Kc7 45.
Be4 Rh4 46. Bd5 Rh6 47. Rf2 Rh7 48. Rf8 Bc8 49. a4 Bb7 50. Rf3 Rd7 51. Rd3 Re7
52. a5 bxa5 53. Ra3 Kd6 54. Rd3 Bc6 55. Bxc6+ Kxc6 1/2-1/2

[Event "Verbandsliga MVP 2013-14"]
[Site "MVP"]
[Date "2014.04.27"]
[Round "9.4"]
[White "Kutschke, Peter"]
[Black "Nauschuetz, Ernst"]
[Result "1/2-1/2"]
[WhiteElo "1932"]
[BlackElo "1893"]
[PlyCount "37"]
[EventDate "2013.??.??"]
[EventType "team-tourn"]
[EventRounds "9"]
[EventCountry "GER"]
[SourceDate "2013.10.20"]
[WhiteTeam "HSG Uni Rostock"]
[BlackTeam "Greifswalder SV II"]
[WhiteTeamCountry "GER"]
[BlackTeamCountry "GER"]

1. c4 c5 2. e4 g6 3. Nf3 Nc6 4. d4 cxd4 5. Nxd4 Nf6 6. Nc3 d6 7. Be2 Nxd4 8.
Qxd4 Bg7 9. Be3 O-O 10. Qd2 Be6 11. Rc1 Qa5 12. f3 Rfc8 13. b3 a6 14. Nd5 Qxd2+
15. Kxd2 Nxd5 16. cxd5 Bd7 17. Rxc8+ Rxc8 18. Rc1 Rxc1 19. Kxc1 1/2-1/2

[Event "Verbandsliga MVP 2013-14"]
[Site "MVP"]
[Date "2014.04.27"]
[Round "9.5"]
[White "Motullo, Jens"]
[Black "Giese, Guido"]
[Result "0-1"]
[WhiteElo "1605"]
[BlackElo "1899"]
[PlyCount "74"]
[EventDate "2013.??.??"]
[EventType "team-tourn"]
[EventRounds "9"]
[EventCountry "GER"]
[SourceDate "2013.10.20"]
[WhiteTeam "Greifswalder SV II"]
[BlackTeam "HSG Uni Rostock"]
[WhiteTeamCountry "GER"]
[BlackTeamCountry "GER"]

1. e4 c5 2. b3 Nc6 3. Bb2 e5 4. Nf3 d6 5. Nc3 g6 6. Be2 Bg7 7. d3 Nge7 8. a3
Nd4 9. O-O O-O 10. Nxd4 cxd4 11. Nb1 Be6 12. c3 dxc3 13. Bxc3 d5 14. b4 d4 15.
Bb2 a5 16. Nd2 axb4 17. axb4 Qb6 18. Nc4 Bxc4 19. dxc4 Qxb4 20. Rb1 Qd6 21. Bc3
Nc6 22. Rxb7 Rfb8 23. Rxb8+ Qxb8 24. Be1 Ra2 25. Bd3 Bh6 26. g3 Qb2 27. Qg4 Qb7
28. f4 exf4 29. gxf4 Nb4 30. Bxb4 Qxb4 31. e5 Qd2 32. Qc8+ Kg7 33. Qh3 Bxf4 34.
Rxf4 Qxf4 35. e6 fxe6 36. c5 Qf2+ 37. Kh1 Ra1+ 0-1

[Event "Verbandsliga MVP 2013-14"]
[Site "MVP"]
[Date "2014.04.27"]
[Round "9.6"]
[White "Schroeder, Christian"]
[Black "Kriese, Ralf"]
[Result "1/2-1/2"]
[WhiteElo "1879"]
[BlackElo "1684"]
[PlyCount "98"]
[EventDate "2013.??.??"]
[EventType "team-tourn"]
[EventRounds "9"]
[EventCountry "GER"]
[SourceDate "2013.10.20"]
[WhiteTeam "HSG Uni Rostock"]
[BlackTeam "Greifswalder SV II"]
[WhiteTeamCountry "GER"]
[BlackTeamCountry "GER"]

1. c4 e5 2. g3 f5 3. Bg2 Nc6 4. Nc3 Bb4 5. a3 Bxc3 6. bxc3 Nf6 7. d4 O-O 8. Nh3
d6 9. O-O Bd7 10. Bg5 Rb8 11. e3 h6 12. Bxf6 Qxf6 13. f4 e4 14. Nf2 Na5 15. g4
Nxc4 16. gxf5 Nxe3 17. Qb3+ Qf7 18. Qxf7+ Kxf7 19. Rfb1 Nxg2 20. Kxg2 Bxf5 21.
Rb5 g6 22. Re1 Rfe8 23. Nd1 b6 24. Ne3 Bd7 25. Rb2 Bc6 26. d5 Bd7 27. Rb4 Bf5
28. Nc2 a5 29. Rc4 Rbc8 30. Rd4 c5 31. Rd2 b5 32. Ne3 Rb8 33. Rb2 Ke7 34. Reb1
b4 35. axb4 axb4 36. cxb4 cxb4 37. Rxb4 Rxb4 38. Rxb4 Rc8 39. Rb7+ Kf6 40. Rb6
Rd8 41. Kf2 g5 42. Kg3 h5 43. fxg5+ Kxg5 44. h4+ Kf6 45. Kf4 Bg6 46. Nc4 Ke7
47. Rb7+ Rd7 48. Rxd7+ Kxd7 49. Nd2 Ke7 1/2-1/2

[Event "Verbandsliga MVP 2013-14"]
[Site "MVP"]
[Date "2014.04.27"]
[Round "9.7"]
[White "Malchau, Jochen"]
[Black "Hantel, Thomas"]
[Result "1/2-1/2"]
[WhiteElo "1550"]
[BlackElo "1661"]
[PlyCount "68"]
[EventDate "2013.??.??"]
[EventType "team-tourn"]
[EventRounds "9"]
[EventCountry "GER"]
[SourceDate "2013.10.20"]
[WhiteTeam "Greifswalder SV II"]
[BlackTeam "HSG Uni Rostock"]
[WhiteTeamCountry "GER"]
[BlackTeamCountry "GER"]

1. d4 d5 2. c4 e6 3. Nc3 Nf6 4. Bg5 Be7 5. e3 O-O 6. Nf3 Ne4 7. Bxe7 Qxe7 8.
Qc2 Nxc3 9. bxc3 Nd7 10. Bd3 Nf6 11. O-O dxc4 12. Bxc4 c5 13. e4 b6 14. e5 Nd5
15. Bd3 h6 16. Rac1 Bb7 17. Be4 cxd4 18. Nxd4 a6 19. Rfe1 Rac8 20. Qd3 Nf4 21.
Qe3 Bxe4 22. Qxf4 Bd5 23. Re2 Rc4 24. Qe3 Rfc8 25. Rec2 Qb7 26. f3 b5 27. Qd2
Qb6 28. Kh1 Qc7 29. Qe3 Qc5 30. Qd3 a5 31. h3 Bb7 32. Nb3 Qxe5 33. Nxa5 R4c7
34. Nxb7 Rxb7 1/2-1/2

[Event "Verbandsliga MVP 2013-14"]
[Site "MVP"]
[Date "2014.04.27"]
[Round "9.8"]
[White "Ernst, Mathias"]
[Black "Lichtnau, Ulrike"]
[Result "1-0"]
[WhiteElo "1609"]
[BlackElo "1457"]
[PlyCount "101"]
[EventDate "2013.??.??"]
[EventType "team-tourn"]
[EventRounds "9"]
[EventCountry "GER"]
[SourceDate "2013.10.20"]
[WhiteTeam "HSG Uni Rostock"]
[BlackTeam "Greifswalder SV II"]
[WhiteTeamCountry "GER"]
[BlackTeamCountry "GER"]

1. e4 e5 2. Nf3 Nc6 3. Bb5 a6 4. Ba4 Nf6 5. O-O b5 6. Bb3 Be7 7. Re1 d6 8. h3
O-O 9. c3 Na5 10. Bc2 c5 11. d4 Nc6 12. d5 Na7 13. Nbd2 a5 14. a4 b4 15. c4 Bd7
16. Nf1 h6 17. Ng3 Nc8 18. Be3 Qc7 19. Qd2 Kh7 20. Nh4 Ng4 21. hxg4 Bxh4 22.
Nf5 Bxf5 23. exf5 f6 24. g3 Bg5 25. f4 exf4 26. gxf4 Bh4 27. Re2 Kg8 28. Rh2
Bg3 29. Rh3 Nb6 30. b3 Bh4 31. Rxh4 Rfe8 32. Re1 Re7 33. Rh2 Rae8 34. Rhe2 Nc8
35. Bf2 Rxe2 36. Rxe2 Rxe2 37. Qxe2 Qe7 38. Qe6+ Qxe6 39. fxe6 Ne7 40. Kg2 Kf8
41. Kf3 Ke8 42. g5 hxg5 43. fxg5 f5 44. g6 Nxg6 45. Bxf5 Ne5+ 46. Ke4 g6 47.
Bh3 g5 48. Bxc5 g4 49. Bg2 Nf3 50. Bxf3 gxf3 51. Bf2 1-0

[Event "Verbandsliga MVP 2013-14"]
[Site "MVP"]
[Date "2014.04.27"]
[Round "9.1"]
[White "Schinke, Andreas"]
[Black "Hornych, Christoph"]
[Result "1/2-1/2"]
[WhiteElo "2061"]
[BlackElo "2061"]
[Annotator ",Dirk"]
[PlyCount "161"]
[EventDate "2013.??.??"]
[EventType "team-tourn"]
[EventRounds "9"]
[EventCountry "GER"]
[SourceDate "2013.10.20"]
[WhiteTeam "SV Blau-Weiß Grevesmühlen"]
[BlackTeam "SF Ostsee Warnemünde"]
[WhiteTeamCountry "GER"]
[BlackTeamCountry "GER"]

1. e4 c6 2. Nc3 d5 3. Nf3 Bg4 4. Be2 Nf6 5. e5 Nfd7 6. d4 e6 7. Ng5 Bxe2 8.
Qxe2 Be7 9. Qh5 Bxg5 10. Qxg5 Qxg5 11. Bxg5 f6 12. exf6 gxf6 13. Bh4 Na6 14.
O-O-O O-O-O 15. Rhe1 Rde8 16. Rd3 e5 17. dxe5 {RA} fxe5 18. Rg3 Rhg8 19. f3 Nc7
20. Nd1 Nb5 21. Nf2 Nd4 22. Rxg8 Rxg8 23. Bg3 Nf5 24. Bxe5 Rxg2 25. Nd3 Nxe5
26. Rxe5 Nd4 27. c3 Nxf3 28. Rf5 Nxh2 29. Rf8+ Kc7 30. Rf7+ Kb6 31. Rxh7 Nf3
32. Rf7 Rg1+ 33. Kc2 Ne1+ 34. Nxe1 Rxe1 35. b4 a5 36. bxa5+ Ka6 37. Rc7 Re4 38.
Kb3 Rc4 39. a4 Rc5 40. Kb4 Rxa5 41. Rc8 Kb6 42. Kb3 Rc5 43. Ra8 Ra5 44. Rc8 Kc5
45. Rc7 b6 46. Rd7 Ra8 47. Rh7 Rg8 48. Rh4 Rg1 49. Rf4 Re1 50. Rh4 Re4 51. Rh8
Re3 52. Rh4 b5 53. axb5 Kxb5 54. Rb4+ Kc5 55. Rh4 Kd6 56. Rh6+ Re6 57. Rh5 c5
58. Rh3 Rg6 59. Ka4 Kc6 60. Kb3 Kb5 61. Rh2 c4+ 62. Kc2 Kc5 63. Rf2 Kd6 64. Rh2
Ke5 65. Re2+ Kf4 66. Rd2 Rg5 67. Rd4+ Ke5 68. Rd2 Rf5 69. Re2+ Kd6 70. Rh2 {RA}
Rf4 71. Re2 Re4 72. Rh2 Re6 73. Rg2 Kc5 74. Rh2 Re4 75. Rg2 Re5 76. Rh2 d4 77.
cxd4+ Kxd4 78. Rd2+ Kc5 79. Rd8 Re2+ 80. Kc3 Re3+ 81. Kc2 1/2-1/2